|
|
|
|
| LEADER |
01708nam a2200421 i 4500 |
| 001 |
EBC2190630 |
| 003 |
MiAaPQ |
| 005 |
20200520144314.0 |
| 006 |
m o d | |
| 007 |
cr cnu|||||||| |
| 008 |
150901s2015 enk ob 000 0 eng|d |
| 020 |
|
|
|z 9781785600937
|
| 020 |
|
|
|a 9781785600920
|q (electronic bk.)
|
| 035 |
|
|
|a (MiAaPQ)EBC2190630
|
| 035 |
|
|
|a (Au-PeEL)EBL2190630
|
| 035 |
|
|
|a (CaPaEBR)ebr11092115
|
| 035 |
|
|
|a (CaONFJC)MIL824007
|
| 035 |
|
|
|a (OCoLC)919002318
|
| 040 |
|
|
|a MiAaPQ
|b eng
|e rda
|e pn
|c MiAaPQ
|d MiAaPQ
|
| 050 |
|
4 |
|a HB501
|b .C43 2015
|
| 245 |
0 |
0 |
|a Chartering capitalism :
|b organizing markets, states, and publics /
|c edited by Emily Erikson, Yale University, New Haven, CT, USA.
|
| 250 |
|
|
|a First edition.
|
| 264 |
|
1 |
|a Bingley :
|b Emerald Group Publishing Limited,
|c 2015.
|
| 300 |
|
|
|a 1 online resource (302 pages)
|
| 336 |
|
|
|a text
|2 rdacontent
|
| 337 |
|
|
|a computer
|2 rdamedia
|
| 338 |
|
|
|a online resource
|2 rdacarrier
|
| 490 |
1 |
|
|a Political Power and Social Theory,
|x 0198-8719 ;
|v volume 29
|
| 504 |
|
|
|a Includes bibliographical references.
|
| 588 |
|
|
|a Description based on online resource; title from PDF title page (ebrary, viewed September 9, 2015).
|
| 590 |
|
|
|a Electronic reproduction. Ann Arbor, MI : ProQuest, 2016. Available via World Wide Web. Access may be limited to ProQuest affiliated libraries.
|
| 650 |
|
0 |
|a Capitalism.
|
| 650 |
|
0 |
|a International business enterprises.
|
| 655 |
|
4 |
|a Electronic books.
|
| 700 |
1 |
|
|a Erikson, Emily,
|e editor.
|
| 797 |
2 |
|
|a ProQuest (Firm)
|
| 830 |
|
0 |
|a Political power and social theory ;
|v v. 29.
|
| 856 |
4 |
0 |
|u https://ebookcentral.proquest.com/lib/matrademy/detail.action?docID=2190630
|z Click to View
|